[Event "IECG CP.2006.P.00007 email"]
[Site "IECG email"]
[Date "2006.10.01"]
[Round "?"]
[White "Andre, Ricardo"]
[Black "Ventimiglia, Chuck"]
[Result "1-0"]
[WhiteElo "1331"]
[BlackElo "2067"]
[PlyCount "23"]
[EventDate "2006.10.01"]
[EventType "tourn (corr)"]
[EventRounds "6"]
[SourceTitle "Corr 2024"]
[Source "ChessBase"]
[SourceDate "2023.10.19"]
[SourceVersion "1"]
[SourceVersionDate "2023.10.19"]
[SourceQuality "1"]

1. d3 d5 2. a3 e5 3. g3 Nf6 4. f4 exf4 5. Bxf4 Bf5 6. Bh3 Bxh3 7. Nxh3 Nc6 8. 0-0 Qd7 9. Nf2 0-0-0 10. b4 Bd6 11. e3 Bxf4 12. exf4 1-0

[Event "IECG CA.2006.0.00164 email"]
[Site "IECG email"]
[Date "2006.02.11"]
[Round "?"]
[White "Ventimiglia, Chuck"]
[Black "Burkett, Max"]
[Result "0-1"]
[WhiteElo "2141"]
[BlackElo "2126"]
[PlyCount "25"]
[EventDate "2006.02.11"]
[EventType "tourn (corr)"]
[EventRounds "6"]
[SourceTitle "Corr 2024"]
[Source "ChessBase"]
[SourceDate "2023.10.19"]
[SourceVersion "1"]
[SourceVersionDate "2023.10.19"]
[SourceQuality "1"]

1. e4 e5 2. Nf3 Nc6 3. Bb5 a6 4. Ba4 Nf6 5. 0-0 Nxe4 6. d4 b5 7. Bb3 d5 8. dxe5 Be6 9. Nbd2 Nc5 10. c3 d4 11. Bxe6 Nxe6 12. cxd4 Ncxd4 13. Ne4 0-1

[Event "CFriend AT-2005-0-00146 email"]
[Site "Chessfriend.com"]
[Date "2005.04.21"]
[Round "1"]
[White "Salzmann, Stefan"]
[Black "Ventimiglia, Chuck"]
[Result "1-0"]
[WhiteElo "2334"]
[BlackElo "2142"]
[PlyCount "55"]
[EventDate "2005.??.??"]
[EventType "tourn (corr)"]
[EventRounds "2"]
[SourceTitle "Corr 2024"]
[Source "ChessBase"]
[SourceDate "2023.10.19"]
[SourceVersion "1"]
[SourceVersionDate "2023.10.19"]
[SourceQuality "1"]

1. e4 c5 2. Nf3 d6 3. d4 cxd4 4. Nxd4 Nf6 5. Nc3 a6 6. Be2 Nbd7 7. f4 Qb6 8. Nb3 g6 9. Qd3 Bg7 10. Be3 Qc7 11. g4 h6 12. 0-0-0 b5 13. a3 Bb7 14. h4 Rc8 15. Rhe1 g5 16. hxg5 hxg5 17. Bd4 e5 18. fxe5 Nxe5 19. Bxe5 dxe5 20. Kb1 Kf8 21. Rf1 Rh2 22. Nd2 Qe7 23. Rf5 b4 24. axb4 Qxb4 25. Rdf1 Qe7 26. Nc4 Rc5 27. Rxg5 Qc7 28. Rgf5 1-0

[Event "CFriend AT-2005-0-00146 email"]
[Site "Chessfriend.com"]
[Date "2005.04.21"]
[Round "1"]
[White "Ventimiglia, Chuck"]
[Black "Salzmann, Stefan"]
[Result "0-1"]
[WhiteElo "2142"]
[BlackElo "2334"]
[PlyCount "62"]
[EventDate "2005.??.??"]
[EventType "tourn (corr)"]
[EventRounds "2"]
[SourceTitle "Corr 2024"]
[Source "ChessBase"]
[SourceDate "2023.10.19"]
[SourceVersion "1"]
[SourceVersionDate "2023.10.19"]
[SourceQuality "1"]

1. e4 e5 2. Nf3 Nf6 3. Nxe5 d6 4. Nf3 Nxe4 5. d4 d5 6. Bd3 Nc6 7. 0-0 Be7 8. Re1 Bg4 9. c3 f5 10. Qb3 0-0 11. Nbd2 Na5 12. Qa4 Nc6 13. Qb3 Na5 14. Qc2 Nc6 15. Bb5 Bh5 16. Rb1 Qd6 17. Bd3 Rae8 18. Qb3 Na5 19. Qa4 Nc6 20. Qc2 Bf6 21. a4 Nd8 22. b4 Ne6 23. Ne5 Bxe5 24. dxe5 Qxe5 25. Bb2 Qd6 26. Bb5 c6 27. Bf1 N6g5 28. f3 Qg6 29. fxe4 fxe4 30. Ra1 Nh3+ 31. Kh1 Qg5 0-1

[Event "CFriend AT-2005-0-00101 email"]
[Site "Chessfriend.com"]
[Date "2005.01.23"]
[Round "1"]
[White "Cherner, Lyle"]
[Black "Ventimiglia, Chuck"]
[Result "1/2-1/2"]
[WhiteElo "1577"]
[BlackElo "2142"]
[PlyCount "64"]
[EventDate "2005.??.??"]
[EventType "tourn (corr)"]
[EventRounds "2"]
[SourceTitle "Corr 2024"]
[Source "ChessBase"]
[SourceDate "2023.10.19"]
[SourceVersion "1"]
[SourceVersionDate "2023.10.19"]
[SourceQuality "1"]

1. e4 e6 2. d4 d5 3. exd5 exd5 4. Bd3 c6 5. Nf3 Bg4 6. 0-0 Bd6 7. Qe1+ Ne7 8. Ne5 Bc8 9. Qe2 0-0 10. Re1 Ng6 11. Qh5 Nd7 12. Nd2 Nf6 13. Qd1 Re8 14. Ndf3 Qc7 15. Bd2 Nf8 16. c3 c5 17. Bb5 Re7 18. Bg5 c4 19. Ba4 h6 20. Be3 Ne4 21. Nd2 Nxd2 22. Bxd2 f6 23. Ng4 Rxe1+ 24. Bxe1 f5 25. Ne5 Bxe5 26. dxe5 Qxe5 27. f4 Qd6 28. Bf2 a6 29. Qf3 Ne6 30. Re1 Bd7 31. Bxd7 Qxd7 32. Re5 Re8 1/2-1/2

[Event "CFriend AT-2005-0-00096 email"]
[Site "Chessfriend.com"]
[Date "2005.01.22"]
[Round "1"]
[White "Ventimiglia, Chuck"]
[Black "Schalkwijk, Peter"]
[Result "1-0"]
[WhiteElo "2142"]
[BlackElo "1408"]
[PlyCount "79"]
[EventDate "2005.??.??"]
[EventType "tourn (corr)"]
[EventRounds "2"]
[SourceTitle "Corr 2024"]
[Source "ChessBase"]
[SourceDate "2023.10.19"]
[SourceVersion "1"]
[SourceVersionDate "2023.10.19"]
[SourceQuality "1"]

1. e4 c5 2. Nf3 Nf6 3. Nc3 Nc6 4. d4 d5 5. exd5 Nxd5 6. Nxd5 Qxd5 7. Be3 cxd4 8. Nxd4 Nxd4 9. Qxd4 Qxd4 10. Bxd4 Bd7 11. Bc4 a6 12. 0-0-0 e6 13. Rhe1 Bc6 14. f4 Bxg2 15. f5 b5 16. Bb3 Bh3 17. fxe6 Bxe6 18. Bxe6 fxe6 19. Rxe6+ Kf7 20. Rb6 h5 21. h3 Rh6 22. Rb7+ Kg8 23. Rg1 Rh7 24. a3 h4 25. c3 Rc8 26. Ra7 Bc5 27. Bxc5 Rxc5 28. Rxa6 Re5 29. Kc2 Re3 30. Rg5 Rxh3 31. Rf5 Rh6 32. Rxh6 gxh6 33. Rxb5 Rh2+ 34. Kb3 h3 35. a4 Kg7 36. Re5 Rf2 37. Re1 h2 38. a5 Rg2 39. Rh1 Rg5 40. Ka4 1-0

[Event "CFriend AT-2005-0-00069 email"]
[Site "Chessfriend.com"]
[Date "2005.01.13"]
[Round "1"]
[White "Epiney, Flo"]
[Black "Ventimiglia, Chuck"]
[Result "1/2-1/2"]
[WhiteElo "2217"]
[BlackElo "2142"]
[PlyCount "105"]
[EventDate "2005.??.??"]
[EventType "tourn (corr)"]
[EventRounds "2"]
[SourceTitle "Corr 2024"]
[Source "ChessBase"]
[SourceDate "2023.10.19"]
[SourceVersion "1"]
[SourceVersionDate "2023.10.19"]
[SourceQuality "1"]

1. d4 d5 2. c4 c6 3. Nc3 Nf6 4. Nf3 e6 5. Bg5 dxc4 6. e4 b5 7. e5 h6 8. Bh4 g5 9. Nxg5 hxg5 10. Bxg5 Nbd7 11. g3 Bb7 12. Bg2 Qb6 13. exf6 c5 14. d5 0-0-0 15. 0-0 b4 16. Na4 Qb5 17. a3 exd5 18. axb4 d4 19. Bxb7+ Kxb7 20. Bf4 Qc6 21. Re1 a6 22. f3 Qb5 23. Qe2 cxb4 24. Qe4+ Qc6 25. Qxd4 Rh5 26. Re4 Rd5 27. Qxc4 Nxf6 28. Qxc6+ Kxc6 29. Ree1 Kb5 30. Kf2 Nh5 31. Be3 Re8 32. g4 Ng7 33. h4 Be7 34. Kg3 Bd6+ 35. Kf2 Be7 36. Rh1 Rd3 37. h5 Bf6 38. Bb6 Ne6 39. Be3 Bd4 40. Bxd4 Nxd4 41. Rhe1 Rxe1 42. Rxe1 Rxf3+ 43. Kg2 Rf6 44. Ra1 Rh6 45. Kg3 f5 46. Ra2 Rh7 47. gxf5 Rxh5 48. Kf4 Nxf5 49. Kg4 Ng7 50. b3 Re5 51. Kf3 Ne6 52. Rd2 Nc5 53. Nxc5 1/2-1/2

[Event "CFriend AT-2005-0-00069 email"]
[Site "Chessfriend.com"]
[Date "2005.01.13"]
[Round "1"]
[White "Ventimiglia, Chuck"]
[Black "Epiney, Flo"]
[Result "1/2-1/2"]
[WhiteElo "2142"]
[BlackElo "2217"]
[PlyCount "61"]
[EventDate "2005.??.??"]
[EventType "tourn (corr)"]
[EventRounds "2"]
[SourceTitle "Corr 2024"]
[Source "ChessBase"]
[SourceDate "2023.10.19"]
[SourceVersion "1"]
[SourceVersionDate "2023.10.19"]
[SourceQuality "1"]

1. e4 c6 2. d4 d5 3. Nd2 dxe4 4. Nxe4 Bf5 5. Ng3 Bg6 6. h4 h6 7. Nf3 Nd7 8. Bd3 Bxd3 9. Qxd3 Qc7 10. Bd2 e6 11. 0-0-0 Ngf6 12. Kb1 0-0-0 13. Rhe1 Bd6 14. Ne4 Nxe4 15. Qxe4 Nf6 16. Qe2 Kb8 17. Ne5 Bxe5 18. dxe5 Nd5 19. h5 c5 20. c4 Ne7 21. Bc3 Rxd1+ 22. Rxd1 Rd8 23. a3 Kc8 24. Rxd8+ Qxd8 25. Qf3 Qe8 26. Qe3 Qc6 27. g4 b5 28. Qd3 bxc4 29. Qd6 Qc7 30. Kc2 g5 31. Qa6+ 1/2-1/2

[Event "CFriend AP-2004-Q-00017 email"]
[Site "Chessfriend.com"]
[Date "2004.09.10"]
[Round "1"]
[White "Marton Bardocz, Sandor"]
[Black "Ventimiglia, Chuck"]
[Result "1/2-1/2"]
[WhiteElo "2308"]
[BlackElo "2142"]
[PlyCount "77"]
[EventDate "2004.??.??"]
[EventType "tourn (corr)"]
[EventRounds "12"]
[SourceTitle "Corr 2024"]
[Source "ChessBase"]
[SourceDate "2023.10.19"]
[SourceVersion "1"]
[SourceVersionDate "2023.10.19"]
[SourceQuality "1"]

1. e4 e6 2. d3 d5 3. Nd2 f5 4. Qe2 Be7 5. Ngf3 Nc6 6. g3 fxe4 7. dxe4 Nf6 8. Bg2 Nb4 9. 0-0 Nxc2 10. Rb1 Nb4 11. e5 Nd7 12. Nd4 Nf8 13. Qh5+ g6 14. Qh6 Rg8 15. a3 Na2 16. N2f3 Nxc1 17. Rfxc1 c5 18. Nb5 a6 19. Nd6+ Bxd6 20. exd6 Qxd6 21. Re1 Bd7 22. Ne5 Bc6 23. Rbc1 Rd8 24. Rc3 Qe7 25. Qc1 Nd7 26. Nxd7 Kxd7 27. Bh3 Rge8 28. Rxe6 Qxe6 29. Bxe6+ Rxe6 30. Rxc5 Rde8 31. Qf4 Re4 32. Qf6 R8e6 33. Qg7+ Re7 34. Qh8 Re1+ 35. Kg2 R1e2 36. Rc1 Rd2 37. b4 Rd3 38. a4 Rb3 39. Qd4 1/2-1/2

[Event "CFriend AP-2004-Q-00017 email"]
[Site "Chessfriend.com"]
[Date "2004.09.10"]
[Round "1"]
[White "Stokstad, Petter"]
[Black "Ventimiglia, Chuck"]
[Result "0-1"]
[WhiteElo "1824"]
[BlackElo "2142"]
[PlyCount "72"]
[EventDate "2004.??.??"]
[EventType "tourn (corr)"]
[EventRounds "12"]
[SourceTitle "Corr 2024"]
[Source "ChessBase"]
[SourceDate "2023.10.19"]
[SourceVersion "1"]
[SourceVersionDate "2023.10.19"]
[SourceQuality "1"]

1. d4 Nf6 2. c4 c5 3. d5 b5 4. cxb5 a6 5. b6 Qxb6 6. Nc3 d6 7. Nf3 g6 8. g3 Bg7 9. Bg2 a5 10. 0-0 0-0 11. Nd2 Ba6 12. h3 Nbd7 13. b3 Rab8 14. Rb1 Rfc8 15. Qc2 Qc7 16. Nc4 Nb6 17. Ne3 Qd7 18. Bd2 e6 19. Kh2 Re8 20. Rfe1 Bb7 21. Qd3 exd5 22. Nexd5 Nfxd5 23. Nxd5 Bxd5 24. Bxd5 Nxd5 25. Qxd5 Re5 26. Qd3 Rh5 27. h4 a4 28. bxa4 Rc8 29. Qb5 Qg4 30. f3 Qd4 31. Qd7 Ra8 32. Bf4 Qf2+ 33. Kh3 Bf6 34. Qg4 Bc3 35. Rf1 Qxe2 36. Bxd6 Rd5 0-1

[Event "CFriend AP-2004-Q-00017 email"]
[Site "Chessfriend.com"]
[Date "2004.09.10"]
[Round "1"]
[White "Ventimiglia, Chuck"]
[Black "Tudorache, Marian"]
[Result "1/2-1/2"]
[WhiteElo "2142"]
[BlackElo "2039"]
[PlyCount "36"]
[EventDate "2004.??.??"]
[EventType "tourn (corr)"]
[EventRounds "12"]
[SourceTitle "Corr 2024"]
[Source "ChessBase"]
[SourceDate "2023.10.19"]
[SourceVersion "1"]
[SourceVersionDate "2023.10.19"]
[SourceQuality "1"]

1. e4 c5 2. Nf3 Nc6 3. d4 cxd4 4. Nxd4 Nf6 5. Nc3 e5 6. Ndb5 d6 7. a4 a6 8. Na3 Be6 9. Bg5 Rc8 10. Nc4 Nd4 11. Bxf6 gxf6 12. Ne3 f5 13. exf5 Nxf5 14. Nxf5 Bxf5 15. Qf3 Qa5 16. Bb5+ axb5 17. Qxf5 Rc4 18. 0-0 bxa4 1/2-1/2

[Event "CFriend AP-2004-Q-00017 email"]
[Site "Chessfriend.com"]
[Date "2004.09.10"]
[Round "1"]
[White "Ventimiglia, Chuck"]
[Black "Vasquez, Carlos"]
[Result "1-0"]
[WhiteElo "2142"]
[BlackElo "1742"]
[PlyCount "41"]
[EventDate "2004.??.??"]
[EventType "tourn (corr)"]
[EventRounds "12"]
[SourceTitle "Corr 2024"]
[Source "ChessBase"]
[SourceDate "2023.10.19"]
[SourceVersion "1"]
[SourceVersionDate "2023.10.19"]
[SourceQuality "1"]

1. e4 e5 2. Nf3 Nc6 3. d4 d6 4. Nc3 Bg4 5. dxe5 Nxe5 6. Be2 Nf6 7. Nxe5 Bxe2 8. Qxe2 dxe5 9. Qb5+ Nd7 10. Qxb7 Nc5 11. Qc6+ Nd7 12. Bg5 Qc8 13. Nb5 Bb4+ 14. c3 Be7 15. Nxc7+ Kf8 16. Rd1 Rb8 17. Rxd7 Bxg5 18. Ne6+ fxe6 19. Qd6+ Kg8 20. Qxe6+ Kf8 21. Qf7# 1-0

[Event "CFriend AT-2004-0-00125 email"]
[Site "Chessfriend.com"]
[Date "2004.09.05"]
[Round "1"]
[White "Horvath, Daniel"]
[Black "Ventimiglia, Chuck"]
[Result "1-0"]
[WhiteElo "2242"]
[BlackElo "2142"]
[PlyCount "43"]
[EventDate "2004.??.??"]
[EventType "tourn (corr)"]
[EventRounds "2"]
[SourceTitle "Corr 2024"]
[Source "ChessBase"]
[SourceDate "2023.10.19"]
[SourceVersion "1"]
[SourceVersionDate "2023.10.19"]
[SourceQuality "1"]

1. e4 c5 2. c3 e6 3. d4 d5 4. exd5 exd5 5. Nf3 Nf6 6. Bg5 c4 7. b3 Be7 8. bxc4 0-0 9. Bd3 dxc4 10. Bxc4 Bg4 11. h3 Bh5 12. Nbd2 Nbd7 13. 0-0 Rc8 14. Qb3 Qc7 15. Bd3 Rfe8 16. c4 Nf8 17. Rfe1 Ne6 18. Bh4 Bg6 19. Bxg6 hxg6 20. c5 b6 21. Rxe6 fxe6 22. Qxe6+ 1-0

[Event "CFriend AT-2004-0-00125 email"]
[Site "Chessfriend.com"]
[Date "2004.09.05"]
[Round "1"]
[White "Ventimiglia, Chuck"]
[Black "Horvath, Daniel"]
[Result "1/2-1/2"]
[WhiteElo "2142"]
[BlackElo "2242"]
[PlyCount "101"]
[EventDate "2004.??.??"]
[EventType "tourn (corr)"]
[EventRounds "2"]
[SourceTitle "Corr 2024"]
[Source "ChessBase"]
[SourceDate "2023.10.19"]
[SourceVersion "1"]
[SourceVersionDate "2023.10.19"]
[SourceQuality "1"]

1. e4 e5 2. Nf3 Nc6 3. Bb5 a6 4. Ba4 Nf6 5. 0-0 Be7 6. Re1 b5 7. Bb3 0-0 8. d3 d6 9. a3 Bg4 10. c3 d5 11. exd5 Nxd5 12. h3 Bh5 13. Qe2 Bf6 14. g4 Bg6 15. g5 Be7 16. Nh4 Qd7 17. Nxg6 fxg6 18. a4 b4 19. Qg4 Rf5 20. Bc2 Rd8 21. d4 exd4 22. Bxf5 gxf5 23. Qf3 dxc3 24. bxc3 a5 25. Bd2 f4 26. c4 Nb6 27. Bxf4 Nd4 28. Qe4 Qxh3 29. Nd2 Qg4+ 30. Bg3 Qxe4 31. Rxe4 Rd7 32. Bf4 c5 33. Kf1 Kf7 34. Kg2 Bd8 35. Nf3 Nxc4 36. Rc1 Nxf3 37. Kxf3 Nb2 38. Rxc5 g6 39. Be5 Nxa4 40. Rb5 Bxg5 41. Rxa5 Nb6 42. Rd4 Be7 43. Rb5 Rxd4 44. Bxd4 Na4 45. Ra5 Nc3 46. Bxc3 bxc3 47. Ra7 Ke6 48. Rc7 Bb4 49. Ke4 g5 50. Rxh7 Bc5 51. Rh6+ 1/2-1/2

[Event "CFriend AT-2004-0-00121 email"]
[Site "Chessfriend.com"]
[Date "2004.08.31"]
[Round "1"]
[White "Ventimiglia, Chuck"]
[Black "Malmstrom, Jan"]
[Result "1/2-1/2"]
[WhiteElo "2142"]
[BlackElo "1915"]
[PlyCount "55"]
[EventDate "2004.??.??"]
[EventType "tourn (corr)"]
[EventRounds "2"]
[SourceTitle "Corr 2024"]
[Source "ChessBase"]
[SourceDate "2023.10.19"]
[SourceVersion "1"]
[SourceVersionDate "2023.10.19"]
[SourceQuality "1"]

1. e4 e5 2. Nf3 Nc6 3. Nc3 Nf6 4. Bb5 Nd4 5. Ba4 c6 6. Nxe5 Qe7 7. Nf3 Nxf3+ 8. gxf3 d5 9. d3 Be6 10. Bb3 0-0-0 11. Bd2 Qc7 12. h4 g6 13. Ne2 Bg7 14. Nf4 Rhe8 15. Nxe6 fxe6 16. Qe2 Nh5 17. 0-0-0 Rf8 18. Bg5 Rd7 19. d4 Rdf7 20. Rh3 Nf4 21. Bxf4 Rxf4 22. h5 gxh5 23. c3 h4 24. Rg1 Qf7 25. Kb1 h5 26. Rg2 Kb8 27. Bc2 e5 28. dxe5 1/2-1/2

[Event "CFriend MZ-2004-4-00001 email"]
[Site "Chessfriend.com"]
[Date "2004.08.28"]
[Round "1"]
[White "Heesen, Jos"]
[Black "Ventimiglia, Chuck"]
[Result "1/2-1/2"]
[WhiteElo "1883"]
[BlackElo "2142"]
[PlyCount "151"]
[EventDate "2004.??.??"]
[EventType "tourn (corr)"]
[EventRounds "6"]
[SourceTitle "Corr 2024"]
[Source "ChessBase"]
[SourceDate "2023.10.19"]
[SourceVersion "1"]
[SourceVersionDate "2023.10.19"]
[SourceQuality "1"]

1. Nc3 c5 2. e4 Nc6 3. f4 e6 4. Nf3 Nge7 5. g3 g6 6. d4 cxd4 7. Nxd4 Bg7 8. Be3 d5 9. Bg2 0-0 10. Nxc6 bxc6 11. Bd4 Rb8 12. Bxg7 Kxg7 13. Qd4+ f6 14. 0-0-0 Qa5 15. h4 c5 16. Qa4 Qb4 17. Qxb4 cxb4 18. Na4 dxe4 19. Bxe4 e5 20. fxe5 fxe5 21. Rhe1 Rb5 22. c3 h6 23. c4 Ra5 24. b3 Rf2 25. Bb1 Nf5 26. Rd8 Be6 27. c5 Nxg3 28. Rxe5 Ne2+ 29. Kd1 Nf4 30. Rd6 Kf7 31. Rd4 Kf6 32. Re3 Nd5 33. Ke1 Rg2 34. Rf3+ Ke7 35. Kf1 Rg4 36. Re4 Ra6 37. Bd3 Rc6 38. Rxg4 Bxg4 39. Rg3 Rf6+ 40. Kg1 Bh5 41. Bc4 Rf3 42. Rxf3 Bxf3 43. Kf2 Be4 44. Bxd5 Bxd5 45. Nb2 Be4 46. Nc4 Bd3 47. Nd2 Ke6 48. Ke3 Bb5 49. Kd4 g5 50. hxg5 hxg5 51. Ne4 g4 52. Ng3 a5 53. Ke4 Be8 54. Kd4 Kd7 55. Ne2 Kc6 56. Nf4 g3 57. Ke3 Kxc5 58. Nd3+ Kd5 59. Nb2 Bb5 60. Kf3 Kd4 61. Kxg3 Kc3 62. Nd1+ Kc2 63. Ne3+ Kb2 64. Nc4+ Bxc4 65. bxc4 Kxa2 66. c5 b3 67. c6 b2 68. c7 b1Q 69. c8Q a4 70. Qc6 a3 71. Qg2+ Ka1 72. Kf4 Qc1+ 73. Kf5 Qc5+ 74. Ke6 Qc4+ 75. Kf6 a2 76. Qb7 1/2-1/2

[Event "CFriend MZ-2004-4-00001 email"]
[Site "Chessfriend.com"]
[Date "2004.08.28"]
[Round "1"]
[White "Sadowski, Marek"]
[Black "Ventimiglia, Chuck"]
[Result "1/2-1/2"]
[WhiteElo "1899"]
[BlackElo "2142"]
[PlyCount "68"]
[EventDate "2004.??.??"]
[EventType "tourn (corr)"]
[EventRounds "6"]
[SourceTitle "Corr 2024"]
[Source "ChessBase"]
[SourceDate "2023.10.19"]
[SourceVersion "1"]
[SourceVersionDate "2023.10.19"]
[SourceQuality "1"]

1. e4 e6 2. d4 d5 3. Nd2 c5 4. Ngf3 cxd4 5. exd5 Qxd5 6. Bc4 Qd6 7. 0-0 Nf6 8. Nb3 Nc6 9. Nbxd4 Nxd4 10. Nxd4 a6 11. Re1 Qc7 12. Bb3 Bd6 13. h3 0-0 14. Bg5 b5 15. c3 Be7 16. Qe2 Kh8 17. a4 bxa4 18. Bc2 Bb7 19. Qd3 g6 20. Qe2 Qc5 21. Qe3 Rfc8 22. Rxa4 Kg8 23. Bd3 Bd8 24. Nf3 Bxf3 25. Bxf6 Qxe3 26. fxe3 Bc6 27. Rf4 Bxf6 28. Rxf6 a5 29. Rf4 Rd8 30. Bc4 a4 31. Ref1 Rd2 32. R1f2 Rxf2 33. Rxf2 h5 34. Rd2 Kf8 1/2-1/2

[Event "CFriend MZ-2004-4-00001 email"]
[Site "Chessfriend.com"]
[Date "2004.08.28"]
[Round "1"]
[White "Stadler, Pavel"]
[Black "Ventimiglia, Chuck"]
[Result "0-1"]
[WhiteElo "1629"]
[BlackElo "2142"]
[PlyCount "66"]
[EventDate "2004.??.??"]
[EventType "tourn (corr)"]
[EventRounds "6"]
[SourceTitle "Corr 2024"]
[Source "ChessBase"]
[SourceDate "2023.10.19"]
[SourceVersion "1"]
[SourceVersionDate "2023.10.19"]
[SourceQuality "1"]

1. d4 Nf6 2. c4 e6 3. Nc3 Bb4 4. Qc2 d5 5. cxd5 exd5 6. Bg5 h6 7. Bxf6 Qxf6 8. a3 Bxc3+ 9. Qxc3 0-0 10. e3 c6 11. Nf3 Bf5 12. Be2 Nd7 13. 0-0 Rfe8 14. b4 Be4 15. Nd2 Qg5 16. Nxe4 dxe4 17. b5 cxb5 18. Rfb1 a6 19. a4 Rec8 20. Qb3 Nb6 21. axb5 a5 22. Ra3 Rc7 23. Rba1 a4 24. Qb1 Rac8 25. Bd1 Qe7 26. h3 Rc1 27. Qa2 Qb4 28. Kh2 R8c4 29. Be2 R4c2 30. Rxc1 Rxc1 31. h4 Qd6+ 32. g3 Qb4 33. Bh5 Nc4 0-1

[Event "CFriend MZ-2004-4-00001 email"]
[Site "Chessfriend.com"]
[Date "2004.08.28"]
[Round "1"]
[White "Ventimiglia, Chuck"]
[Black "Andersen, Lars Kirstein"]
[Result "1/2-1/2"]
[WhiteElo "2142"]
[BlackElo "2116"]
[PlyCount "53"]
[EventDate "2004.??.??"]
[EventType "tourn (corr)"]
[EventRounds "6"]
[SourceTitle "Corr 2024"]
[Source "ChessBase"]
[SourceDate "2023.10.19"]
[SourceVersion "1"]
[SourceVersionDate "2023.10.19"]
[SourceQuality "1"]

1. e4 c5 2. Nf3 d6 3. d4 cxd4 4. Nxd4 Nf6 5. Nc3 a6 6. g3 e6 7. Bg2 Be7 8. 0-0 0-0 9. b3 Qc7 10. Bb2 Rd8 11. a3 Nc6 12. h3 Bd7 13. Nde2 Bc8 14. Qd2 b6 15. g4 Bb7 16. g5 Nd7 17. f4 Rac8 18. Rad1 Nc5 19. Qe3 Bf8 20. Qg3 Re8 21. Rf2 b5 22. f5 Ne5 23. Nf4 g6 24. h4 Bg7 25. h5 gxf5 26. exf5 Bxg2 27. Qxg2 1/2-1/2

[Event "CFriend MZ-2004-4-00001 email"]
[Site "Chessfriend.com"]
[Date "2004.08.28"]
[Round "1"]
[White "Ventimiglia, Chuck"]
[Black "Korosec, Stane"]
[Result "1-0"]
[WhiteElo "2142"]
[BlackElo "1802"]
[PlyCount "65"]
[EventDate "2004.??.??"]
[EventType "tourn (corr)"]
[EventRounds "6"]
[SourceTitle "Corr 2024"]
[Source "ChessBase"]
[SourceDate "2023.10.19"]
[SourceVersion "1"]
[SourceVersionDate "2023.10.19"]
[SourceQuality "1"]

1. e4 c5 2. Nf3 Nc6 3. d4 cxd4 4. Nxd4 Nf6 5. Nc3 e5 6. Ndb5 d6 7. a4 a6 8. Na3 Be6 9. Bg5 Be7 10. Bc4 Rc8 11. 0-0 0-0 12. Bxf6 Bxf6 13. Nd5 Bg5 14. c3 Kh8 15. Qe2 Ne7 16. Nxe7 Qxe7 17. Rad1 f5 18. Bxe6 Qxe6 19. exf5 Rxf5 20. Nc2 Rf6 21. Nb4 Rcf8 22. Nd5 Rg6 23. a5 Rh6 24. b4 Bf4 25. h3 Rg6 26. Qe4 Bg5 27. Rd3 Rh6 28. Rg3 Rh4 29. f4 Bf6 30. Nxf6 Qxf6 31. Qxb7 Rxf4 32. Rxf4 exf4 33. Rd3 1-0

[Event "CFriend MZ-2004-4-00001 email"]
[Site "Chessfriend.com"]
[Date "2004.08.28"]
[Round "1"]
[White "Ventimiglia, Chuck"]
[Black "Kriksciunas, Bronislavas"]
[Result "1/2-1/2"]
[WhiteElo "2142"]
[BlackElo "2106"]
[PlyCount "59"]
[EventDate "2004.??.??"]
[EventType "tourn (corr)"]
[EventRounds "6"]
[SourceTitle "Corr 2024"]
[Source "ChessBase"]
[SourceDate "2023.10.19"]
[SourceVersion "1"]
[SourceVersionDate "2023.10.19"]
[SourceQuality "1"]

1. e4 c5 2. Nf3 Nc6 3. d4 cxd4 4. Nxd4 Nf6 5. Nc3 e5 6. Ndb5 d6 7. Bg5 a6 8. Na3 b5 9. Nd5 Be7 10. Bxf6 Bxf6 11. c3 0-0 12. Nc2 Bg5 13. a4 bxa4 14. Rxa4 a5 15. Bc4 Rb8 16. b3 Kh8 17. 0-0 g6 18. Nce3 f5 19. exf5 gxf5 20. Qh5 e4 21. f4 exf3 22. Rxf3 Ne5 23. Rg3 Rg8 24. Nf4 Nxc4 25. Rxc4 Ba6 26. h4 Bxf4 27. Rxg8+ Qxg8 28. Rxf4 Qe6 29. Nxf5 Bd3 30. Qg4 1/2-1/2

[Event "IECG CB.2004.0.00121 email"]
[Site "IECG email"]
[Date "2004.08.24"]
[Round "?"]
[White "Soulas, Gilles"]
[Black "Ventimiglia, Chuck"]
[Result "0-1"]
[WhiteElo "1957"]
[BlackElo "1935"]
[PlyCount "20"]
[EventDate "2004.08.24"]
[EventType "tourn (corr)"]
[EventRounds "6"]
[SourceTitle "Corr 2024"]
[Source "ChessBase"]
[SourceDate "2023.10.19"]
[SourceVersion "1"]
[SourceVersionDate "2023.10.19"]
[SourceQuality "1"]

1. d4 Nf6 2. Nf3 g6 3. c4 Bg7 4. Nc3 0-0 5. e4 d6 6. Be2 e5 7. 0-0 Nc6 8. d5 Ne7 9. b4 Nh5 10. Re1 f5 0-1

[Event "IECG CB.2002.0.00050 email"]
[Site "IECG email"]
[Date "2002.07.22"]
[Round "1"]
[White "Ventimiglia, Chuck"]
[Black "Starace, Umberto"]
[Result "1-0"]
[WhiteElo "1896"]
[BlackElo "1891"]
[PlyCount "93"]
[EventDate "2002.07.22"]
[EventType "tourn (corr)"]
[EventRounds "6"]
[SourceTitle "Corr 2024"]
[Source "ChessBase"]
[SourceDate "2023.10.19"]
[SourceVersion "1"]
[SourceVersionDate "2023.10.19"]
[SourceQuality "1"]

1. e4 e5 2. f4 d5 3. Nf3 dxe4 4. Nxe5 Nd7 5. d4 exd3 6. Bxd3 Bc5 7. Qe2 Qe7 8. Nc3 c6 9. Nxd7 Qxe2+ 10. Kxe2 Bxd7 11. Ne4 Be7 12. Re1 0-0-0 13. Be3 Kb8 14. Bd4 f6 15. Kf2 Bf5 16. Bc3 Nh6 17. h3 Rhe8 18. g4 Be6 19. a3 Nf7 20. b4 Bd5 21. Ng3 h6 22. Nh5 Bf8 23. Nxf6 gxf6 24. Bxf6 Rc8 25. Bf5 Nd6 26. Bxc8 Kxc8 27. Rxe8+ Nxe8 28. Bd4 b6 29. g5 Bf7 30. h4 Nd6 31. Rg1 c5 32. bxc5 bxc5 33. Bb2 hxg5 34. fxg5 Be7 35. Rg4 Bg6 36. Bf6 Bf8 37. h5 Ne4+ 38. Ke3 Nxf6 39. gxf6 Bh6+ 40. Kf2 Bf7 41. Ra4 Kd7 42. Rxa7+ Ke6 43. Rc7 Bc1 44. a4 Bxh5 45. a5 Bb2 46. a6 Bd4+ 47. Kg2 1-0